[Event "SR 3. liga A2 2014/2015"]
[Site "?"]
[Date "2015.01.25"]
[Round "7.6"]
[White "Abel, Peter"]
[Black "Sebesta, Radovan"]
[Result "1-0"]
[WhiteElo "2174"]
[BlackElo "2048"]
[PlyCount "85"]
[EventDate "2015.??.??"]

1. c4 Nf6 2. Nc3 e6 3. e4 c5 4. e5 Ng8 5. Nf3 Nc6 6. Bd3 d6 7. exd6 Bxd6 8. Qe2
Nf6 9. O-O O-O 10. b3 Be7 11. Bb2 Qc7 12. Nb5 Qd8 13. Rad1 a6 14. Nc3 Re8 15.
Rfe1 b6 16. Bb1 Bb7 17. Ne4 Nd4 18. Bxd4 cxd4 19. Nxf6+ Bxf6 20. Be4 Bxe4 21.
Qxe4 Qd6 22. d3 Rac8 23. Re2 Red8 24. Qg4 a5 25. Nd2 Qe7 26. Ne4 g6 27. f4 Bg7
28. Qf3 Qc7 29. g3 Qc6 30. Kg2 Re8 31. Rde1 Red8 32. Rb1 Qc7 33. g4 Qc6 34. h3
Rc7 35. Rf1 Rdc8 36. Kh1 Rf8 37. f5 exf5 38. gxf5 Rcc8 39. Rg2 Qd7 40. Qf4 Qc7
41. Qh4 Qe5 42. f6 Bh8 43. Qh6 1-0

[Event "SR 3. liga A2 2014/2015"]
[Site "?"]
[Date "2015.01.25"]
[Round "7.6"]
[White "Palka, Martin"]
[Black "Manak, Jozef"]
[Result "1/2-1/2"]
[WhiteElo "1890"]
[BlackElo "1984"]
[PlyCount "57"]
[EventDate "2015.??.??"]

1. Nf3 Nf6 2. c4 g6 3. g3 Bg7 4. Bg2 O-O 5. O-O d6 6. b3 c5 7. Bb2 Nc6 8. Nc3
e6 9. d4 cxd4 10. Nxd4 Nxd4 11. Qxd4 Ne8 12. Qd2 Qa5 13. Rfd1 Rb8 14. Ne4 Qxd2
15. Rxd2 Bxb2 16. Rxb2 b5 17. cxb5 Rxb5 18. Rc1 Bb7 19. Nc3 Rb6 20. Na4 Rb5 21.
e4 f5 22. Bf1 Re5 23. exf5 gxf5 24. Re2 Rxe2 25. Bxe2 Nf6 26. f3 Rc8 27. Rxc8+
Bxc8 28. Nc3 Kf8 29. Kf2 1/2-1/2

[Event "SR 3. liga A2 2014/2015"]
[Site "?"]
[Date "2015.01.25"]
[Round "7.6"]
[White "Manak, Adrian"]
[Black "Skapikova, Lubica"]
[Result "0-1"]
[WhiteElo "1959"]
[BlackElo "1862"]
[PlyCount "72"]
[EventDate "2015.??.??"]

1. e4 e5 2. Nc3 Nc6 3. f4 d6 4. Nf3 Bg4 5. Bb5 Qd7 6. O-O a6 7. Bxc6 Qxc6 8.
Kh1 Nf6 9. fxe5 dxe5 10. d3 Bd6 11. Bg5 Qd7 12. Bxf6 gxf6 13. Nd5 Be7 14. c3
O-O-O 15. b4 Be6 16. Nxe7+ Qxe7 17. Qd2 f5 18. Rfe1 fxe4 19. Rxe4 f6 20. d4 Bd5
21. Re3 Rhg8 22. Qe2 e4 23. Nd2 f5 24. Qf2 Rdf8 25. Rg3 Rxg3 26. Qxg3 e3 27.
Nf3 f4 28. Qg4+ Kb8 29. Re1 Qe4 30. Re2 Rg8 31. Qh4 Qb1+ 32. Qe1 Qe4 33. a4
Rxg2 34. Rxg2 Qxf3 35. Qg1 e2 36. c4 Qxg2+ 0-1

[Event "SR 3. liga A2 2014/2015"]
[Site "?"]
[Date "2015.01.25"]
[Round "7.6"]
[White "Palka, Miroslav"]
[Black "Mihalik, Anton"]
[Result "1/2-1/2"]
[WhiteElo "1912"]
[BlackElo "1958"]
[PlyCount "61"]
[EventDate "2015.??.??"]

1. c4 Nf6 2. d4 e6 3. Nf3 d5 4. Nc3 Nbd7 5. Bf4 c6 6. e3 dxc4 7. Bxc4 b5 8. Bd3
a6 9. O-O Bb7 10. Ne4 Nxe4 11. Bxe4 Nf6 12. Bg5 Be7 13. Bxf6 Bxf6 14. Qc2 Qc7
15. Rac1 Rc8 16. b4 h6 17. Qc5 Be7 18. Qc3 Bd6 19. Ne5 O-O 20. h3 Qe7 21. Nd3
Rc7 22. Nc5 Rfc8 23. a3 e5 24. Rfd1 exd4 25. Qxd4 Rd8 26. Kf1 Rcc8 27. Bf5 Bxc5
28. Qxc5 Qxc5 29. bxc5 Ra8 30. Ke2 Kf8 31. Be4 1/2-1/2

[Event "SR 3. liga A2 2014/2015"]
[Site "?"]
[Date "2015.01.25"]
[Round "7.6"]
[White "Nemsak, Denis"]
[Black "Kubik, Peter"]
[Result "1/2-1/2"]
[WhiteElo "1957"]
[BlackElo "1854"]
[PlyCount "62"]
[EventDate "2015.??.??"]

1. c4 Nf6 2. Nc3 g6 3. e4 d6 4. d4 Bg7 5. f4 O-O 6. Nf3 c5 7. d5 e6 8. Be2 exd5
9. cxd5 Re8 10. e5 dxe5 11. d6 exf4 12. Bxf4 Ne4 13. Nb5 Na6 14. O-O Bxb2 15.
Rb1 Nc3 16. Nxc3 Bxc3 17. Bg5 f6 18. Qb3+ Be6 19. Bc4 Qxd6 20. Qxc3 fxg5 21.
Nxg5 Nc7 22. Rxb7 Bxc4 23. Rxc7 Qxc7 24. Qxc4+ Kh8 25. Nf7+ Kg8 26. Nd6+ Kh8
27. Nf7+ Kg8 28. Nd6+ Kh8 29. Nf7+ Kg8 30. Nh6+ Kh8 31. Nf7+ Kg8 1/2-1/2

[Event "SR 3. liga A2 2014/2015"]
[Site "?"]
[Date "2015.01.25"]
[Round "7.6"]
[White "Havlicek, Peter"]
[Black "Curidlo, Jan"]
[Result "1-0"]
[WhiteElo "1837"]
[BlackElo "1889"]
[PlyCount "61"]
[EventDate "2015.??.??"]

1. e4 c5 2. Nf3 d6 3. c3 Nf6 4. e5 Nd5 5. d4 cxd4 6. Qxd4 Nb6 7. Bb5+ Nc6 8.
O-O e6 9. Bg5 f6 10. exf6 e5 11. Qh4 Qc7 12. Bd3 Be6 13. Bg6+ Bf7 14. Bf5 g6
15. Bh3 h6 16. Nbd2 Nd7 17. Bxd7+ Qxd7 18. Rad1 O-O-O 19. c4 Qf5 20. Rfe1 Kc7
21. Nf1 Nd4 22. Nxd4 exd4 23. Bc1 Bxc4 24. Qxd4 Qc5 25. Qe4 Bf7 26. Be3 Qc6 27.
Rc1 d5 28. Rxc6+ bxc6 29. Bf4+ Kb7 30. Qa4 Bc5 31. Rc1 1-0

[Event "SR 3. liga A2 2014/2015"]
[Site "?"]
[Date "2015.01.25"]
[Round "7.6"]
[White "Slaby, Jozef"]
[Black "Fidericky, Milan"]
[Result "1-0"]
[WhiteElo "1879"]
[BlackElo "1772"]
[PlyCount "111"]
[EventDate "2015.??.??"]

1. c4 c5 2. Nc3 Nc6 3. g3 g6 4. Bg2 Bg7 5. e3 e5 6. Nge2 a6 7. O-O Nge7 8. b3
d6 9. Bb2 O-O 10. Nd5 Nxd5 11. Bxd5 Be6 12. Bg2 Qc7 13. Nc3 Ne7 14. Rc1 f5 15.
Ne2 Nc6 16. d3 Rad8 17. d4 d5 18. cxd5 Bxd5 19. Rxc5 Bxg2 20. Kxg2 Qb6 21. Qc1
exd4 22. Bxd4 Nxd4 23. exd4 Rfe8 24. Qc4+ Kf8 25. Rc7 Re7 26. Rxe7 Kxe7 27. d5
Qd6 28. Nf4 Be5 29. Rd1 Bxf4 30. gxf4 Kf7 31. Rd4 Rd7 32. Qc8 Kg7 33. Qc4 Kf6
34. b4 Rc7 35. Qb3 b5 36. a3 Kf7 37. h4 h6 38. Kf3 Rc8 39. Qe3 Kf6 40. Rd3 Rc4
41. Qd2 Kf7 42. Rd4 Rc7 43. Kg3 Re7 44. f3 g5 45. hxg5 hxg5 46. Qh2 Qg6 47. d6
gxf4+ 48. Kxf4 Rd7 49. Ke3 Qg5+ 50. Kd3 Kf6 51. Rd5 Qg6 52. Qe5+ Kg5 53. Qg3+
Kf6 54. Qxg6+ Kxg6 55. Kd4 Kf6 56. Kc5 1-0

[Event "SR 3. liga A2 2014/2015"]
[Site "?"]
[Date "2015.01.25"]
[Round "7.6"]
[White "Huska, Branislav"]
[Black "Verba, Vladimir"]
[Result "0-1"]
[WhiteElo "1689"]
[BlackElo "1789"]
[PlyCount "92"]
[EventDate "2015.??.??"]

1. e4 g6 2. d4 Bg7 3. c4 c5 4. Nf3 d6 5. Nc3 cxd4 6. Nxd4 Nc6 7. Nc2 Bxc3+ 8.
bxc3 Nf6 9. Bd3 O-O 10. Bh6 Re8 11. h3 Qa5 12. O-O Ne5 13. f4 Qc5+ 14. Kh2 Nxc4
15. Rb1 Nb6 16. Qe1 Be6 17. a3 Rac8 18. f5 Bc4 19. Be3 Qe5+ 20. Bf4 Qa5 21.
Bxc4 Rxc4 22. e5 dxe5 23. Bxe5 Re4 24. Bxf6 Rxe1 25. Rbxe1 Nd5 26. fxg6 Nxf6
27. Rxf6 hxg6 28. Rf3 e6 29. Rd1 Rd8 30. Rdf1 Rd7 31. c4 Qc7+ 32. Kh1 Qxc4 33.
Ne3 Qc5 34. Ng4 Kg7 35. Nf6 Re7 36. Rf4 Qb5 37. R1f3 Rc7 38. Rf1 Rc4 39. R4f3
Rc2 40. Ng4 f5 41. Ne3 Rb2 42. Kh2 Qe5+ 43. Kh1 Re2 44. Nc4 Qe4 45. Nd6 Qd5 46.
Nc8 Qc5 0-1

[Event "SR 3. liga A2 2014/2015"]
[Site "?"]
[Date "2015.02.08"]
[Round "8.1"]
[White "Horak, Ivan"]
[Black "Cajka, Tibor"]
[Result "0-1"]
[WhiteElo "2070"]
[BlackElo "2166"]
[PlyCount "58"]
[EventDate "2015.??.??"]

1. e4 c5 2. b3 Nc6 3. Bb2 Nf6 4. Nc3 d5 5. exd5 Nxd5 6. Bb5 Nxc3 7. Bxc6+ bxc6
8. Bxc3 Qd5 9. Qf3 h5 10. O-O-O Bg4 11. Qxd5 cxd5 12. f3 Bf5 13. Ne2 d4 14. Ba5
Rh6 15. Ng3 Bh7 16. Kb2 Ra6 17. Bc7 Rc8 18. Bf4 c4 19. c3 cxb3 20. axb3 e5 21.
Ra1 Rxa1 22. Rxa1 exf4 23. Nxh5 Bd6 24. Nxg7+ Kf8 25. Nh5 Be5 26. Rc1 Bg6 27.
g4 dxc3+ 28. dxc3 a5 29. h3 Kg8 0-1

[Event "SR 3. liga A2 2014/2015"]
[Site "?"]
[Date "2015.02.08"]
[Round "8.1"]
[White "Gasa, Patrik"]
[Black "Sefcik, Marek"]
[Result "1-0"]
[WhiteElo "2074"]
[BlackElo "2043"]
[PlyCount "81"]
[EventDate "2015.??.??"]

1. d4 Nc6 2. c4 e5 3. d5 Bb4+ 4. Nd2 Nce7 5. a3 Bxd2+ 6. Bxd2 d6 7. e4 Nf6 8.
Bd3 a5 9. Ne2 O-O 10. O-O Ng6 11. Qc2 Qe7 12. Rae1 Nh5 13. Rc1 Nhf4 14. Rfe1
Nxd3 15. Qxd3 f5 16. c5 fxe4 17. Qxe4 Qf7 18. Be3 Ne7 19. Nc3 Bf5 20. Qc4 c6
21. cxd6 Nxd5 22. Nxd5 cxd5 23. Qb3 a4 24. Qb4 d4 25. Bg5 Be4 26. Bh4 Bc6 27.
Rxe5 Qf4 28. Qc4+ Kh8 29. Bg3 Qg4 30. h3 Qg6 31. Qxd4 Rad8 32. Re7 Rf6 33. Qg4
Qh6 34. Rce1 Rg6 35. Qe2 Rf6 36. Qg4 Rg6 37. d7 Rg8 38. Qc4 Qd2 39. Qxg8+ Kxg8
40. Re8+ Kf7 41. d8=Q 1-0

[Event "SR 3. liga A2 2014/2015"]
[Site "?"]
[Date "2015.02.08"]
[Round "8.1"]
[White "Chabada, Tomas"]
[Black "Sebesta, Radovan"]
[Result "1/2-1/2"]
[WhiteElo "1987"]
[BlackElo "2048"]
[PlyCount "46"]
[EventDate "2015.??.??"]

1. e4 c5 2. Nf3 Nc6 3. d4 cxd4 4. Nxd4 g6 5. c4 Bg7 6. Be3 Nf6 7. Nc3 Ng4 8.
Qxg4 Nxd4 9. Qd1 Ne6 10. Qd2 d6 11. Rc1 O-O 12. Be2 b6 13. O-O Bb7 14. f3 Rc8
15. Nb5 Ra8 16. Bh6 Qc8 17. Bxg7 Kxg7 18. Rfd1 Qc5+ 19. Kh1 Qf2 20. Rf1 Qh4 21.
Nc3 Rac8 22. Nd5 Rfe8 23. f4 Nc7 1/2-1/2

[Event "SR 3. liga A2 2014/2015"]
[Site "?"]
[Date "2015.02.08"]
[Round "8.1"]
[White "Lanik, Miroslav"]
[Black "Kovarik, Oto"]
[Result "1-0"]
[WhiteElo "1895"]
[BlackElo "1926"]
[PlyCount "95"]
[EventDate "2015.??.??"]

1. e4 c5 2. Nf3 e6 3. d4 cxd4 4. Nxd4 Nc6 5. Nc3 a6 6. Be3 Qc7 7. f4 d6 8. Qf3
Nf6 9. O-O-O Nxd4 10. Bxd4 b5 11. Bd3 Bb7 12. g4 b4 13. Ne2 d5 14. Bxf6 gxf6
15. exd5 Bxd5 16. Be4 Rc8 17. Nd4 Rd8 18. Bxd5 Rxd5 19. Rhe1 Bh6 20. Qxd5 Qxf4+
21. Kb1 O-O 22. Qf3 Qxh2 23. Rh1 Qf4 24. Qxf4 Bxf4 25. Nc6 Kg7 26. Nxb4 a5 27.
Nd3 Bg5 28. Rhf1 e5 29. Nc5 Rc8 30. Ne4 Rc4 31. Nxg5 fxg5 32. Rd7 Rf4 33. Rxf4
gxf4 34. Kc1 Kg6 35. c4 f3 36. Kd2 f5 37. gxf5+ Kxf5 38. Rxh7 Kf4 39. Rf7+ Ke4
40. c5 Kd5 41. Rxf3 Kxc5 42. Rd3 Kc4 43. Ke3 Kb4 44. Ke4 Kc4 45. Rc3+ Kb4 46.
Kxe5 Ka4 47. a3 Kb5 48. b3 1-0

[Event "SR 3. liga A2 2014/2015"]
[Site "?"]
[Date "2015.02.08"]
[Round "8.1"]
[White "Husek, Lubomir"]
[Black "Skapikova, Lubica"]
[Result "1/2-1/2"]
[WhiteElo "1854"]
[BlackElo "1862"]
[PlyCount "65"]
[EventDate "2015.??.??"]

1. e4 e5 2. Nf3 Nc6 3. Bb5 a6 4. Ba4 Nf6 5. O-O Be7 6. Re1 b5 7. Bb3 O-O 8. c3
d5 9. exd5 Nxd5 10. d4 exd4 11. Nxd4 Nxd4 12. Qxd4 Bb7 13. Nd2 Bf6 14. Qg4 Re8
15. Ne4 Bc8 16. Nxf6+ Nxf6 17. Rxe8+ Qxe8 18. Qd1 Bb7 19. Be3 Rd8 20. Qf1 Ng4
21. Bf4 c5 22. Re1 Qc6 23. h3 Nf6 24. Bd1 Rd3 25. Be3 c4 26. Bf3 Qd7 27. Bxb7
Qxb7 28. Bd4 Qd7 29. Qe2 h6 30. Bxf6 gxf6 31. Qe8+ Kg7 32. Qxd7 Rxd7 33. Kf1
1/2-1/2

[Event "SR 3. liga A2 2014/2015"]
[Site "?"]
[Date "2015.02.08"]
[Round "8.1"]
[White "Palka, Miroslav"]
[Black "Holiencin, Filip"]
[Result "1-0"]
[WhiteElo "1912"]
[BlackElo "1845"]
[PlyCount "116"]
[EventDate "2015.??.??"]

1. c4 Nf6 2. Nc3 c5 3. g3 Nc6 4. Bg2 g6 5. e4 Bg7 6. Nge2 e5 7. d3 h6 8. O-O d6
9. f4 O-O 10. fxe5 Nxe5 11. h3 a6 12. Be3 Be6 13. Nf4 Qd7 14. Qd2 Kh7 15. b3
Nc6 16. Rf2 Rab8 17. Raf1 Qe7 18. Nce2 Nd7 19. d4 cxd4 20. Nxd4 Nxd4 21. Bxd4
Ne5 22. Bb2 b5 23. cxb5 Rxb5 24. Ba3 Rd8 25. Kh2 Qd7 26. Rd1 Bf8 27. Bb2 Bg7
28. Ba3 Bf8 29. Qd4 Nc6 30. Qe3 Ne5 31. Rfd2 Bg4 32. Rc1 Be6 33. Nxe6 fxe6 34.
Rcd1 Nf7 35. Bf1 Rbb8 36. Bb2 Qc7 37. Bf6 Be7 38. Bxe7 Qxe7 39. Bxa6 Ne5 40.
Bf1 Rd7 41. Bg2 g5 42. Qd4 Nc6 43. Qc3 Rb6 44. Rf1 e5 45. Rdf2 Nd4 46. Qc4 Rbb7
47. Bf3 Rdc7 48. Qd3 Kg7 49. Bh5 Qe6 50. Qe3 Qc8 51. Be2 Rc3 52. Bd3 Qe6 53.
Qd2 Qc8 54. Bc4 Rc2 55. Qe3 Rxc4 56. bxc4 Qxc4 57. Qa3 Nb5 58. Qa8 Qc7 1-0

[Event "SR 3. liga A2 2014/2015"]
[Site "?"]
[Date "2015.02.08"]
[Round "8.1"]
[White "Kahanek, Jaroslav"]
[Black "Havlicek, Peter"]
[Result "1-0"]
[WhiteElo "1829"]
[BlackElo "1837"]
[PlyCount "115"]
[EventDate "2015.??.??"]

1. d4 d5 2. Nc3 c6 3. Bf4 Bf5 4. e3 Nf6 5. Nf3 e6 6. a3 Bd6 7. Be5 h6 8. h3 O-O
9. Bd3 Bxd3 10. Qxd3 Bxe5 11. Nxe5 Nbd7 12. O-O Qc7 13. f4 Nxe5 14. fxe5 Nh7
15. Ne2 c5 16. c4 Rad8 17. cxd5 c4 18. Qc2 exd5 19. h4 b5 20. Nc3 Qb6 21. Qf5
a6 22. Rf2 Qe6 23. Qh5 f6 24. Qg6 Rf7 25. Raf1 Rdf8 26. Rf3 Kh8 27. Qh5 Kg8 28.
Qg6 Kh8 29. Kf2 Rb8 30. Na2 a5 31. g4 Nf8 32. Qh5 Nh7 33. Kg3 Rff8 34. g5 fxe5
35. gxh6 Rxf3+ 36. Rxf3 exd4 37. hxg7+ Kg8 38. exd4 Kxg7 39. Qg4+ Qxg4+ 40.
Kxg4 Nf6+ 41. Kf5 Re8 42. Rg3+ Kf7 43. Rg6 Ne4 44. Rb6 Ng3+ 45. Kg4 Ne2 46.
Rxb5 Re4+ 47. Kg5 Rxd4 48. h5 Nf4 49. Nc3 Ne6+ 50. Kf5 Ng7+ 51. Ke5 Rh4 52.
Kxd5 Nxh5 53. Rxa5 Nf6+ 54. Kc6 Ke6 55. Ra4 Rh2 56. Rb4 Ne8 57. Nb5 Rc2 58.
Nd4+ 1-0

[Event "SR 3. liga A2 2014/2015"]
[Site "?"]
[Date "2015.02.08"]
[Round "8.1"]
[White "Fidericky, Milan"]
[Black "Vach, Jozef"]
[Result "0-1"]
[WhiteElo "1772"]
[BlackElo "1778"]
[PlyCount "124"]
[EventDate "2015.??.??"]

1. d4 d5 2. c4 c6 3. Nc3 Nf6 4. Nf3 e6 5. Bg5 Be7 6. e3 Nbd7 7. Rc1 O-O 8. Bd3
dxc4 9. Bxc4 b5 10. Be2 Bb7 11. O-O a6 12. a3 h6 13. Bh4 Re8 14. Nd2 c5 15.
dxc5 Nxc5 16. Qc2 Rc8 17. f3 Qd6 18. Rfd1 Qc6 19. Bxf6 Bxf6 20. Qb1 Qb6 21. Nf1
Red8 22. Rxd8+ Rxd8 23. b4 Nd7 24. Ne4 Be7 25. Kh1 f5 26. Ned2 Nf6 27. Nb3 Bd5
28. Nd4 g6 29. Qc2 Bd6 30. Nc6 Rd7 31. Na5 Rc7 32. Qd2 Kf7 33. Bd3 Rxc1 34.
Qxc1 Qc7 35. Qc2 Qxc2 36. Bxc2 Be5 37. a4 Bc3 38. axb5 axb5 39. Nb3 Bxb4 40.
Kg1 e5 41. Kf2 Bc4 42. Nfd2 Ke6 43. Nxc4 bxc4 44. Nc1 Nd5 45. g4 Bc5 46. gxf5+
gxf5 47. Ke2 Bxe3 48. Na2 Bd4 49. Kd2 Bc5 50. Ba4 Nb6 51. Bc2 Nd5 52. Bb1 Be3+
53. Ke2 Kf6 54. Bc2 Kg5 55. Kf1 Kf4 56. Kg2 Bd2 57. Kf2 Nb4 58. Nxb4 Bxb4 59.
Bb1 e4 60. fxe4 fxe4 61. Bc2 Bc5+ 62. Ke2 Ke5 0-1

[Event "SR 3. liga A2 2014/2015"]
[Site "?"]
[Date "2015.02.08"]
[Round "8.3"]
[White "Kucharek, Jaroslav"]
[Black "Kavon, Rastislav"]
[Result "1/2-1/2"]
[WhiteElo "2067"]
[BlackElo "2153"]
[PlyCount "81"]
[EventDate "2015.??.??"]

1. d4 Nf6 2. c4 g6 3. Nc3 Bg7 4. e4 d6 5. f3 O-O 6. Bg5 c6 7. Qd2 Nbd7 8. Nge2
Rb8 9. Nc1 a6 10. a4 b6 11. Be2 c5 12. d5 Ne8 13. Nb3 Nc7 14. O-O Nf6 15. Rad1
Bd7 16. Nc1 Nfe8 17. f4 b5 18. axb5 axb5 19. b3 bxc4 20. bxc4 Na6 21. Nb5 Nb4
22. Na2 Nxa2 23. Qxa2 Bxb5 24. cxb5 Nc7 25. Rb1 Na8 26. Bf3 Qc7 27. Bh4 Nb6 28.
Bg3 Ra8 29. Qc2 Ra7 30. e5 Rfa8 31. Rfe1 Ra4 32. h4 Rd4 33. Rbd1 Rb4 34. Rb1
Rd4 35. Rbd1 Rda4 36. Rb1 Bh6 37. f5 Bg7 38. fxg6 fxg6 39. exd6 exd6 40. Re6
Rd8 41. Qe2 1/2-1/2

[Event "SR 3. liga A2 2014/2015"]
[Site "?"]
[Date "2015.02.08"]
[Round "8.3"]
[White "Lukac, Tomas"]
[Black "Blatnicky, Miroslav"]
[Result "0-1"]
[WhiteElo "2049"]
[BlackElo "2056"]
[PlyCount "48"]
[EventDate "2015.??.??"]

1. d4 d5 2. c4 c6 3. Nf3 Nf6 4. e3 Bf5 5. Nc3 e6 6. Qb3 Qb6 7. Bd2 h6 8. c5 Qc7
9. Be2 Nbd7 10. O-O Be7 11. Qa4 O-O 12. b4 b6 13. a3 a5 14. Qd1 axb4 15. axb4
bxc5 16. bxc5 e5 17. Nh4 Bh7 18. f4 exd4 19. exd4 Ne4 20. Nxe4 Bxh4 21. Ng3 Bf6
22. Bc3 Nxc5 23. Bb4 Rxa1 24. Qxa1 Ne6 0-1

[Event "SR 3. liga A2 2014/2015"]
[Site "?"]
[Date "2015.02.08"]
[Round "8.3"]
[White "Hirmajer, Jan"]
[Black "Kozinka, Roman"]
[Result "1-0"]
[WhiteElo "1966"]
[BlackElo "2001"]
[PlyCount "55"]
[EventDate "2015.??.??"]

1. c4 Nf6 2. Nc3 c5 3. g3 d5 4. cxd5 Nxd5 5. Bg2 Nxc3 6. bxc3 e5 7. Nf3 Nc6 8.
O-O Be7 9. d3 O-O 10. Nd2 Be6 11. Rb1 Qc7 12. Qa4 Rab8 13. Ne4 a6 14. Be3 Na5
15. c4 Rfc8 16. Nc3 Bd8 17. Nd5 Qd6 18. Nc3 Bd7 19. Qa3 b6 20. Ne4 Qe7 21. Rb2
h6 22. Rfb1 g5 23. Nc3 f5 24. Nd5 Qd6 25. Bd2 Nc6 26. Nxb6 Rxb6 27. Rxb6 e4 28.
Be3 {èierny prekroèil èas.} 1-0

[Event "SR 3. liga A2 2014/2015"]
[Site "?"]
[Date "2015.02.08"]
[Round "8.3"]
[White "Bango, Lukas"]
[Black "Jakubec, Milan"]
[Result "0-1"]
[WhiteElo "1917"]
[BlackElo "2102"]
[PlyCount "70"]
[EventDate "2015.??.??"]

1. c4 e6 2. Nf3 d5 3. d4 Nf6 4. Nc3 c6 5. Bg5 Nbd7 6. e3 Qa5 7. Bd3 Ne4 8. O-O
Nxg5 9. Nxg5 dxc4 10. d5 cxd3 11. Qh5 g6 12. Qf3 f5 13. e4 Ne5 14. Qg3 Bg7 15.
exf5 cxd5 16. f4 Nc4 17. fxe6 d2 18. Nxh7 Bd4+ 19. Kh1 Bxe6 20. Qxg6+ Bf7 21.
Nf6+ Kf8 22. Nh7+ Rxh7 23. Qxh7 Nxb2 24. f5 Qxc3 25. Qh6+ Bg7 26. Qd6+ Kg8 27.
f6 Bxf6 28. Rxf6 d1=Q+ 29. Rxd1 Nxd1 30. Rf1 Nb2 31. Qf4 Rf8 32. h3 Qg7 33. Qd2
Nc4 34. Qd3 d4 35. Rf3 Ne5 0-1

[Event "SR 3. liga A2 2014/2015"]
[Site "?"]
[Date "2015.02.08"]
[Round "8.3"]
[White "Miciak, Emanuel"]
[Black "Mackovic, Matus"]
[Result "1/2-1/2"]
[WhiteElo "1882"]
[BlackElo "1949"]
[PlyCount "112"]
[EventDate "2015.??.??"]

1. d4 Nf6 2. c4 g6 3. Nc3 Bg7 4. e4 d6 5. f3 O-O 6. Be3 e5 7. d5 Ne8 8. Bd3 f5
9. Nge2 Nf6 10. Qd2 fxe4 11. Nxe4 Nxe4 12. Bxe4 Nd7 13. O-O Nf6 14. Bd3 Bf5 15.
Ng3 Bxd3 16. Qxd3 Qd7 17. Rf2 b6 18. Raf1 Rae8 19. Ne4 Nxe4 20. fxe4 a5 21. b3
Rxf2 22. Rxf2 Rf8 23. Rxf8+ Bxf8 24. h3 Qf7 25. Qe2 h5 26. Qe1 Kh7 27. Qd2 Bg7
28. Bg5 Bf6 29. h4 Qe7 $11 30. a3 Bxg5 31. Qxg5 Qxg5 32. hxg5 Kg7 33. Kf2 Kf7
34. Ke2 Ke7 35. Kd3 Kd7 36. Kc3 h4 37. b4 a4 $11 38. b5 Kc8 39. Kb4 Kb7 40.
Kxa4 Ka7 41. Kb4 Kb7 42. Kc3 Ka7 43. Kd3 Kb7 44. Ke3 Ka7 45. Kf3 Kb7 46. Kg4
Ka7 47. Kxh4 Kb7 48. Kg3 Ka7 49. Kf3 Kb7 50. Ke3 Ka7 51. Kd3 Kb7 52. Kc3 Ka7
53. Kb4 Kb7 54. a4 Ka7 55. a5 Kb7 56. axb6 cxb6 1/2-1/2

[Event "SR 3. liga A2 2014/2015"]
[Site "?"]
[Date "2015.02.08"]
[Round "8.3"]
[White "Lopatievov, Alexander"]
[Black "Podjavorinsky, Michal"]
[Result "1/2-1/2"]
[WhiteElo "1926"]
[BlackElo "1736"]
[PlyCount "76"]
[EventDate "2015.??.??"]

1. b4 e5 2. Bb2 f6 3. a3 d5 4. e3 Be6 5. Nf3 Bd6 6. Be2 Ne7 7. d3 O-O 8. c4 c6
9. O-O Ng6 10. Nbd2 Nd7 11. Qc2 f5 12. g3 h5 13. c5 Bc7 14. h4 Nf6 15. Ng5 Qd7
16. f4 Ng4 17. Bxg4 fxg4 18. Rae1 Rae8 19. Rf2 exf4 20. exf4 Bf5 21. Rfe2 Rxe2
22. Rxe2 Re8 23. Nb3 Rxe2 24. Qxe2 Qe7 25. Kf2 Bd8 26. Qxe7 Bxe7 27. Ke3 Bf6
28. Bd4 Ne7 29. Be5 Bc8 30. Nd4 Nf5+ 31. Nxf5 Bxf5 32. d4 a6 $11 33. Bd6 Bd8
34. Be5 Bf6 35. Bc7 Be7 36. a4 Kf8 37. a5 Bf6 38. Bd6+ Kg8 1/2-1/2

[Event "SR 3. liga A2 2014/2015"]
[Site "?"]
[Date "2015.02.08"]
[Round "8.3"]
[White "Lajda, Dusan"]
[Black "Mackovic, Miroslav"]
[Result "1/2-1/2"]
[WhiteElo "1853"]
[BlackElo "1846"]
[PlyCount "59"]
[EventDate "2015.??.??"]

1. e4 c5 2. Nf3 d6 3. d4 cxd4 4. Nxd4 Nf6 5. Nc3 a6 6. Be3 e6 7. g4 Be7 8. g5
Nfd7 9. h4 Qc7 10. f4 Nb6 11. Qd2 Nc4 12. Bxc4 Qxc4 13. f5 Qc7 14. Rf1 Nc6 15.
Nxc6 Qxc6 16. O-O-O b5 17. Qd4 Rg8 18. Rde1 Bb7 19. Bd2 Bd8 20. fxe6 fxe6 21.
Nd5 Qc5 22. Qxc5 dxc5 23. Nf4 Bc8 24. Bc3 Ra7 25. Nd3 Bb6 26. a3 a5 27. Be5 c4
28. Nf4 Ke7 29. Nh5 Ke8 30. Bd6 1/2-1/2

[Event "SR 3. liga A2 2014/2015"]
[Site "?"]
[Date "2015.02.08"]
[Round "8.3"]
[White "Bango, Dominik"]
[Black "Krchnak, Rudolf"]
[Result "1/2-1/2"]
[WhiteElo "1557"]
[BlackElo "1796"]
[PlyCount "80"]
[EventDate "2015.??.??"]

1. e4 c5 2. Nf3 d6 3. d4 cxd4 4. Nxd4 Nf6 5. Nc3 a6 6. Be3 e5 7. Nb3 Be6 8. Be2
Be7 9. Qd2 Qc7 10. O-O Bc4 11. Bxc4 Qxc4 12. f3 O-O 13. Rac1 Nbd7 14. Rfd1 Rfd8
15. Qf2 b5 16. Ne2 a5 17. a3 Qc6 18. Nd2 d5 19. exd5 Nxd5 20. Kh1 Nxe3 21. Qxe3
f6 22. Ng3 Nb6 23. Nf5 Bf8 24. Qb3+ Qd5 25. Ne4 Qxb3 26. cxb3 Rac8 27. Ne3
Rxd1+ 28. Rxd1 Kf7 29. Kg1 Ke6 30. Kf2 Be7 31. Ke2 h6 32. Nc3 b4 33. axb4 axb4
34. Na4 Rc6 $11 35. Nxb6 Rxb6 36. Nd5 Rb7 37. Nxe7 Kxe7 38. Rd2 Rc7 39. Ke3 h5
40. h3 g6 1/2-1/2

[Event "SR 3. liga A2 2014/2015"]
[Site "?"]
[Date "2015.02.08"]
[Round "8.4"]
[White "Hecko, Dusan"]
[Black "Sturdik, Igor"]
[Result "1/2-1/2"]
[WhiteElo "2105"]
[BlackElo "1990"]
[PlyCount "90"]
[EventDate "2015.??.??"]

1. c4 Nf6 2. Nc3 c5 3. Nf3 Nc6 4. d4 cxd4 5. Nxd4 d6 6. e4 g6 7. Be2 Bg7 8. Be3
O-O 9. O-O Bd7 10. f3 Qa5 11. Qd2 Rfc8 12. Rac1 Nxd4 13. Bxd4 Be6 14. b3 a6 15.
Rfd1 b5 16. Nd5 Qxd2 17. Rxd2 Bxd5 18. Bxf6 Bxf6 19. Rxd5 bxc4 20. Rxc4 Rxc4
21. Bxc4 a5 22. Kf2 Bc3 23. Ke3 a4 24. bxa4 Rxa4 25. Kd3 Bb4 26. Rb5 Bc5 27.
Kc3 Ra7 28. f4 Kg7 29. Kd3 h5 30. g3 Bg1 31. Rb2 Bc5 32. h3 Kf6 33. g4 hxg4 34.
hxg4 g5 35. e5+ dxe5 36. fxe5+ Kxe5 37. Bxf7 Kf4 38. Be6 Ra4 39. Rb5 Ra3+ 40.
Kc2 Be3 41. Kb2 Ra6 42. Rb4+ Ke5 43. Bc4 Rb6 44. Rxb6 Bxb6 45. Kc3 Kf4 1/2-1/2

[Event "SR 3. liga A2 2014/2015"]
[Site "?"]
[Date "2015.02.08"]
[Round "8.4"]
[White "Nicolini, Alexander"]
[Black "Diviak, Rastislav"]
[Result "1/2-1/2"]
[WhiteElo "2120"]
[BlackElo "2001"]
[PlyCount "39"]
[EventDate "2015.??.??"]

1. e4 c5 2. b4 cxb4 3. d4 d5 4. e5 Bf5 5. Ne2 Qc7 6. Nf4 e6 7. Bb5+ Nd7 8. Ba4
Rc8 9. Nd3 a5 10. a3 b5 11. Bxb5 Qxc2 12. Qxc2 Rxc2 13. Bd2 b3 14. O-O Ra2 15.
Rxa2 bxa2 16. Nc3 Bxa3 17. Ra1 Ne7 18. Rxa2 Bxd3 19. Rxa3 Bxb5 20. Nxb5 1/2-1/2

[Event "SR 3. liga A2 2014/2015"]
[Site "?"]
[Date "2015.02.08"]
[Round "8.4"]
[White "Pericka, Tomas"]
[Black "Kolenak, Matus"]
[Result "0-1"]
[WhiteElo "2010"]
[BlackElo "1977"]
[PlyCount "92"]
[EventDate "2015.??.??"]

1. e4 g6 2. d4 Bg7 3. Be3 b6 4. Nc3 Bb7 5. Qd2 d6 6. f3 e6 7. Nge2 Nd7 8. Nf4
a6 9. Bc4 Qe7 10. a4 c5 11. dxc5 dxc5 12. Nd3 Rd8 13. Qe2 Ngf6 14. Bg5 h6 15.
Bh4 g5 16. Bg3 Nh5 17. Bf2 O-O 18. h4 Ne5 19. hxg5 Qxg5 20. Bh4 Qg6 21. Nxe5
Bxe5 22. g4 Ng3 23. Qh2 Bxc3+ 24. bxc3 Nxh1 25. Bd3 Qg7 26. e5 f6 27. Qxh1 fxe5
28. Bxd8 Bxf3 29. Qh4 e4 30. Kd2 exd3 31. cxd3 Qe5 32. Re1 Qf4+ 33. Kc2 Qxa4+
34. Kb2 Qf4 35. Kc2 Bxg4 36. Re4 Qf2+ 37. Qxf2 Rxf2+ 38. Kb3 Bf5 39. Rh4 Kg7
40. Bxb6 Bxd3 41. Bxc5 Rf5 42. Be3 Rb5+ 43. Ka3 h5 44. Rd4 Rd5 45. Rb4 Kf6 46.
c4 Bxc4 0-1